Monetary and financial statistics manual
Salvato in:
| Natura: | Libro |
|---|---|
| Lingua: | inglese |
| Pubblicazione: |
Washington, D.C.
IMF
2000
|
| Soggetti: | |
| Tags: |
Nessun Tag, puoi essere il primo ad aggiungerne!!
|
MARC
| LEADER | 00000nam$a2200000$$$4500 | ||
|---|---|---|---|
| 001 | 0007915 | ||
| 005 | 20221129101115.1 | ||
| 020 | |a 1-55775-974-X | ||
| 041 | 0 | |a eng | |
| 044 | |a US | ||
| 245 | 1 | 0 | |a Monetary and financial statistics manual |
| 264 | 1 | |a Washington, D.C. |b IMF |c 2000 | |
| 300 | |a 157 s. | ||
| 610 | 2 | 0 | |a štatistika |
| 610 | 2 | 0 | |a štatistika finančná |
| 610 | 2 | 0 | |a Medzinárodný menový fond |
| 610 | 2 | 0 | |a záujmy ekonomické |
| 610 | 2 | 0 | |a aktíva |
| 610 | 2 | 0 | |a účtovníctvo |
| 610 | 2 | 0 | |a peniaze |
| 610 | 2 | 0 | |a úver |
| 610 | 2 | 0 | |a dlhy |